000 00449cam a2200193ua 4500
001 5318
005 20260515113849.0
008 120808n ii |||gr||||Z||||||eng
020 _a81-7096-661-2
040 _cMAIN
082 _a823
100 _aDefoe,
_eAuthor,
245 1 1 _aRobinson crusoe
_cby Defoe
250 _a1st.
260 _aLudhiana:
_bKalyani Publishers,
_c1992.
300 _a48p:
_c23cm.
653 _aEnglish fiction
942 _cBK
999 _c4495
_d4495